| 000 | 00757nam a22002297a 4500 | ||
|---|---|---|---|
| 001 | 113363 | ||
| 003 | DR-UNIBE | ||
| 005 | 20250326110701.0 | ||
| 008 | 250324b2009 ve ||||| |||| 00| 0 spa d | ||
| 020 | _a9802124443 | ||
| 040 |
_aBIBLIOTECA UNIBE _cBIBLIOTECA UNIBE _erda |
||
| 041 | _aspa | ||
| 082 | _a303.625 R292p 2009 | ||
| 100 |
_aRebolledo, Alejandro _eautor _9193352 |
||
| 245 | 1 | 0 |
_aPrevención y control de legitimación de capitales y del financiamentio al terrorismo / _cAlejandro Rebolledo |
| 250 | _aSegunda edición | ||
| 260 |
_aCaracas : _bVadell Hermanos Editores, _c2009 |
||
| 300 | _a347 páginas | ||
| 650 | 7 |
_2lemb _aTerrorismo _xLegislación _9193490 |
|
| 700 | 1 |
_aNegrón Chacín, Emilio _eprologuista _9193489 |
|
| 942 |
_2ddc _cBK |
||
| 999 |
_c113363 _d113363 |
||